Les 20 villes les plus peuplées du Nord sur une carte - Statistiques

Statistiques générales
  • Ce quiz a été pris 99 fois
  • Le résultat moyen est 11 sur 20
Réponses sur la Carte
Les réponses sont colorées sur une échelle allant du rouge au vert en fonction du pourcentage des utilisateurs qui les ont devinées à leur premier essai. Vous pouvez retrouver ces pourcentages ci-dessous.
 
Statistiques - réponses
Population Ville % Correct
238 695 Lille
99%
86 263 Dunkerque
95%
98 286 Roubaix
94%
43 468 Valenciennes
88%
98 772 Tourcoing
87%
62 868 Villeneuve-d'Ascq
75%
40 250 Douai
70%
28 767 Maubeuge
66%
31 134 Cambrai
65%
26 998 Armentières
49%
40 184 Marcq-en-Barœul
45%
21 912 Hazebrouck
43%
40 847 Wattrelos
43%
20 726 Wasquehal
39%
21 105 Mons-en-Barœul
34%
22 567 Loos
29%
20 715 Halluin
27%
27 090 Lambersart
27%
20 787 Coudekerque-Branche
24%
21 790 La Madeleine
23%
Aucun quiz correspondant
Distribution des résultats
% des personnes avec chaque résultat
Percentile par nombre de réponses
Votre historique - résultats
Vous n’avez pas pris ce quiz